[Event "Pedro Zabala (6eme memorial)"]
[Site "?"]
[Date "2004.10.12"]
[Round "10"]
[White "Topalov Veselin"]
[Black "Bauer Christian"]
[Result "0-1"]
[WhiteElo "2757"]
[BlackElo "2622"]
[PlyCount "206"]
[EventDate "2004.??.??"]
[Source "www.chesslib.no"]
[SourceDate "2004.05.04"]

1. e4 c5 2. Nf3 b6 3. d4 cxd4 4. Nxd4 Bb7 5. Nc3 a6 6. Be3 e6 7. Qd2 Qc7 8. f3 Bb4 9. Nb3 Nf6 10. a3 Bxc3 11. Qxc3 Qxc3+ 12. bxc3 d5 13. exd5 Nxd5 14. Bd4 Nc6 15. Bxg7 Rg8 16. Bd4 Nxd4 17. cxd4 Ne3 18. Kf2 Nxf1 19. Rhxf1 Rc8 20. Rfc1 Rc3 21. Nd2 Ke7 22. Rab1 b5 23. a4 Rd8 24. Rb4 Rdc8 25. Rb2 Bd5 26. axb5 axb5 27. Nf1 R8c4 28. Ne3 Rxd4 29. Rxb5 Bc6 30. Ra5 Rd2+ 31. Ke1 Rd7 32. Ke2 f5 33. Nd1 Rc4 34. Nb2 Rc3 35. Nd3 Rdxd3 36. cxd3 Rxc1 37. g4 Rc2+ 38. Ke3 fxg4 39. fxg4 Rxh2 40. d4 Rg2 41. Kf4 Kf6 42. Rh5 Rd2 43. Rh6+ Kg7 44. Rxe6 Rxd4+ 45. Ke3 Rc4 46. g5 Bd5 47. Rd6 Bf7 48. Kf3 Rc5 49. Kf4 Rd5 50. Rb6 Rd4+ 51. Ke5 Rg4 52. Kf5 Rg1 53. Rb7 Kf8 54. Rb8+ Be8 55. Ra8 Rf1+ 56. Kg4 Ke7 57. Ra7+ Bd7+ 58. Kg3 Rf5 59. Kh4 Rd5 60. Kh5 Kd6 61. Ra6+ Ke5 62. Kh6 Bf5 63. Rf6 Rd6 64. Kg7 Bg6 65. Rf1 Rd4 66. Rg1 Kf5 67. Rg2 Rg4 68. Rf2+ Kxg5 69. Rf6 Be4 70. Rh6 Bg6 71. Rh1 h5 72. Ra1 h4 73. Ra3 Bf5 74. Rc3 Rg3 75. Rc1 h3 76. Kf7 Rg2 77. Rh1 h2 78. Ke7 Be4 79. Ke6 Re2 80. Rxh2 Rxh2 81. Ke5 Ba8 82. Kd6 Re2 83. Kc5 Kf5 84. Kb6 Ke5 85. Kc7 Rd2 86. Kb6 Rc2 87. Kb5 Kd5 88. Kb6 Rc5 89. Ka7 Bb7 90. Kxb7 Kd6 91. Kb6 Rc1 92. Kb5 Rc5+ 93. Kb4 Kd5 94. Kb3 Rc4 95. Ka3 Kc5 96. Kb3 Kb5 97. Ka3 Rb4 98. Ka2 Kc4 99. Ka3 Kc3 100. Ka2 Rb3 101. Ka1 Kc2 102. Ka2 Rc3 103. Ka1 Ra3# 0-1

[Event "ch-Euro Blitz"]
[Site "Ajaccio FRA"]
[Date "2007.10.26"]
[Round "27"]
[White "Fressinet, L."]
[Black "Bauer, Ch"]
[Result "1/2-1/2"]
[WhiteElo "2654"]
[BlackElo "2634"]
[PlyCount "89"]
[EventDate "2007.10.25"]
[Source "www.chesslib.no"]
[SourceDate "2004.05.04"]

1. e4 c5 2. Nf3 b6 3. d4 cxd4 4. Nxd4 Bb7 5. Nc3 a6 6. Be3 e6 7. Qd2 Qc7 8. f3 Bb4 9. a3 Bxc3 10. Qxc3 Qxc3+ 11. bxc3 Ne7 12. Rb1 Nc8 13. a4 Nc6 14. Nb3 d6 15. a5 b5 16. c4 bxc4 17. Bxc4 Ne5 18. Be2 Ne7 19. Nc5 Bc8 20. Na4 O-O 21. Nb6 Rb8 22. O-O N7c6 23. f4 Ng6 24. Nxc8 Rbxc8 25. Bxa6 Nxa5 26. Bxc8 Rxc8 27. Rb5 Nc4 28. Bc1 Ne7 29. Rf3 f5 30. exf5 Nxf5 31. Rfb3 Kf7 32. Rb8 Rc5 33. R3b5 Rxb5 34. Rxb5 Nd4 35. Rb7+ Kf6 36. Bb2 Nxb2 37. Rxb2 Ne2+ 38. Kf2 Nxf4 39. g3 Ng6 40. Rb6 d5 41. Ke2 Ne5 42. Rb4 g5 43. h4 h6 44. hxg5+ hxg5 45. Rd4 1/2-1/2

[Event "ch-SRB"]
[Site "Mataruska Banja SRB"]
[Date "2008.03.21"]
[Round "7"]
[White "Kovacevic, A."]
[Black "Miladinovic, I."]
[Result "0-1"]
[WhiteElo "2575"]
[BlackElo "2604"]
[PlyCount "86"]
[EventDate "2008.03.15"]
[Source "www.chesslib.no"]
[SourceDate "2004.05.04"]

1. e4 c5 2. Nf3 b6 3. d4 cxd4 4. Nxd4 Bb7 5. Nc3 Nc6 6. Be3 Nf6 7. f3 e6 8. Qd2 a6 9. O-O-O Qc7 10. g4 Nxd4 11. Bxd4 Bc5 12. Bxc5 bxc5 13. Bc4 Bc6 14. Rhf1 Rb8 15. g5 Ng8 16. f4 Ne7 17. Qf2 Qb7 18. Qxc5 Qxb2+ 19. Kd2 Qb7 20. Rb1 Qc7 21. Rxb8+ Qxb8 22. e5 Qd8 23. Rb1 O-O 24. Bd3 Ng6 25. Ne2 Qa8 26. Rb6 Bb5 27. Bxb5 axb5 28. Qxb5 Rc8 29. Qa6 Qd5+ 30. Kc1 Qc5 31. c3 Nxf4 32. Nxf4 Qxc3+ 33. Kd1 Qc1+ 34. Ke2 h6 35. Nd3 Rc2+ 36. Kf3 Qd1+ 37. Ke3 Qg1+ 38. Kf3 Qg2+ 39. Ke3 Qh3+ 40. Ke4 Qg2+ 41. Ke3 Qe2+ 42. Kf4 hxg5+ 43. Kxg5 Qe3+ 0-1

[Event "Dos Hermanas-B"]
[Site "Dos Hermanas"]
[Date "2003.04.03"]
[Round "6"]
[White "Moreno Carnero, Javier"]
[Black "Korneev, Oleg"]
[Result "1/2-1/2"]
[WhiteElo "2508"]
[BlackElo "2613"]
[PlyCount "35"]
[EventDate "2003.03.28"]
[Source "ChessBase"]
[SourceDate "2003.07.25"]

1. e4 c5 2. Nf3 b6 3. d4 cxd4 4. Nxd4 Bb7 5. Nc3 a6 6. Bg5 h6 7. Bh4 d6 8. Bc4 Qc8 9. Qe2 Nd7 10. O-O-O g6 11. f4 Bg7 12. e5 dxe5 13. fxe5 Nxe5 14. Bd5 Bxd5 15. Nxd5 Qb7 16. Nf3 Nc6 17. Rhe1 Kf8 18. Qe3 1/2-1/2

[Event "XXIV Open"]
[Site "Cappelle La Grande FRA"]
[Date "2008.02.21"]
[Round "7"]
[White "Kravtsiv, M."]
[Black "Malakhatko, V."]
[Result "1/2-1/2"]
[WhiteElo "2516"]
[BlackElo "2600"]
[PlyCount "76"]
[EventDate "2008.02.16"]
[Source "www.chesslib.no"]
[SourceDate "2004.05.04"]

1. e4 c5 2. Nf3 b6 3. d4 cxd4 4. Nxd4 Bb7 5. Nc3 a6 6. Bd3 g6 7. Be3 d6 8. Qd2 Bg7 9. O-O-O Nd7 10. Kb1 b5 11. h4 Ngf6 12. f3 h5 13. Rhe1 Rc8 14. Nd5 Nxd5 15. exd5 Bxd5 16. Bg5 Nf6 17. f4 O-O 18. f5 Qb6 19. Nf3 Bxf3 20. gxf3 Nd5 21. fxg6 Qd4 22. gxf7+ Kh8 23. c4 bxc4 24. Bf5 Qxd2 25. Rxd2 Rc5 26. Be6 Nc7 27. Bxe7 Nxe6 28. Rxe6 Rxf7 29. Bxd6 Rb5 30. Rde2 Rxf3 31. Be5 Bxe5 32. R6xe5 Rf4 33. Rxb5 axb5 34. Re5 b4 35. Rxh5+ Kg7 36. Rb5 Rf1+ 37. Kc2 Rf2+ 38. Kc1 Rf1+ 1/2-1/2

[Event "RUS"]
[Site "?"]
[Date "2006.04.27"]
[Round "8"]
[White "Maslak Konstantin"]
[Black "Chernyshov Konstantin"]
[Result "1/2-1/2"]
[WhiteElo "2549"]
[BlackElo "2544"]
[PlyCount "33"]
[EventDate "2006.??.??"]
[Source "www.chesslib.no"]
[SourceDate "2004.05.04"]

1. e4 c5 2. Nf3 b6 3. d4 cxd4 4. Nxd4 Bb7 5. Nc3 Nc6 6. Be3 Nf6 7. f3 e6 8. Qd2 a6 9. Nxc6 Bxc6 10. g4 Bc5 11. O-O-O O-O 12. h4 Bxe3 13. Qxe3 b5 14. g5 Nh5 15. Bh3 Qc7 16. e5 Qa7 17. Kd2 1/2-1/2

[Event "CZE-chT 9899"]
[Site "CZE"]
[Date "1999.??.??"]
[Round "8"]
[White "Hracek, Zbynek"]
[Black "Cicak, Slavko"]
[Result "1/2-1/2"]
[WhiteElo "2610"]
[BlackElo "2480"]
[PlyCount "29"]
[EventDate "1998.??.??"]
[Source "www.chesslib.no"]
[SourceDate "2004.05.04"]

1. e4 c5 2. Nf3 b6 3. d4 cxd4 4. Nxd4 Bb7 5. Nc3 a6 6. Bc4 e6 7. O-O Nc6 8. Nxc6 dxc6 9. Qe2 b5 10. Bd3 e5 11. f4 Bd6 12. fxe5 Bxe5 13. Bf4 Qd4+ 14. Kh1 Ne7 15. Be3 1/2-1/2

[Event "It (open)"]
[Site "Biel (Switzerland)"]
[Date "2007.07.24"]
[Round "2"]
[White "Gaponenko Inna (UKR)"]
[Black "Bauer Christian (FRA)"]
[Result "1/2-1/2"]
[WhiteElo "2458"]
[BlackElo "2626"]
[PlyCount "70"]
[EventDate "2007.??.??"]
[Source "www.chesslib.no"]
[SourceDate "2004.05.04"]

1. e4 c5 2. Nf3 b6 3. d4 cxd4 4. Nxd4 Bb7 5. Nc3 a6 6. Be2 e6 7. O-O Qc7 8. f4 Bc5 9. Kh1 d6 10. Bf3 Ne7 11. Nb3 Nbc6 12. Ne2 O-O 13. c3 f5 14. Ng3 Rae8 15. Qd3 Nb8 16. Be3 fxe4 17. Bxe4 Bxe4 18. Qxe4 Nf5 19. Nxf5 exf5 20. Qd5+ Qf7 21. Qxf7+ Kxf7 22. Bxc5 dxc5 23. Rae1 Rxe1 24. Rxe1 Rd8 25. Kg1 Nc6 26. Kf2 c4 27. Na1 Rd5 28. Nc2 Rb5 29. Rb1 Ra5 30. Ra1 Rb5 31. Rb1 g6 32. Ne3 Rc5 33. Rd1 Ke6 34. Re1 Kd7 35. Rd1+ Ke6 1/2-1/2

[Event "It (Open) Bad Zwesten GER"]
[Site "?"]
[Date "2006.01.08"]
[Round "9"]
[White "Mainka Romuald"]
[Black "Bauer Christian"]
[Result "0-1"]
[WhiteElo "2457"]
[BlackElo "2625"]
[PlyCount "72"]
[EventDate "2006.??.??"]
[Source "www.chesslib.no"]
[SourceDate "2004.05.04"]

1. e4 c5 2. Nf3 b6 3. g3 Bb7 4. d3 g6 5. Bg2 Bg7 6. O-O d6 7. Nc3 Nc6 8. h3 e6 9. Be3 Nge7 10. Qd2 Nd4 11. Bh6 O-O 12. Bxg7 Kxg7 13. Ne2 Nxf3+ 14. Bxf3 e5 15. Bg2 d5 16. exd5 Bxd5 17. Bxd5 Qxd5 18. Nc3 Qd7 19. Kh2 Nc6 20. f4 Rae8 21. Rae1 f5 22. Qf2 exf4 23. Qxf4 Nd4 24. Rxe8 Rxe8 25. g4 Qe6 26. gxf5 Nxf5 27. Ne4 c4 28. b3 cxd3 29. cxd3 Qd7 30. Rf3 Qd4 31. h4 Qe5 32. Qxe5+ Rxe5 33. h5 Nd4 34. h6+ Kxh6 35. Rf7 Ra5 36. Nf6 g5 0-1

[Event "Open"]
[Site "Liverpool ENG"]
[Date "2007.09.08"]
[Round "8"]
[White "Berg, E."]
[Black "Meijers, V."]
[Result "1/2-1/2"]
[WhiteElo "2581"]
[BlackElo "2483"]
[PlyCount "107"]
[EventDate "2007.09.04"]
[Source "www.chesslib.no"]
[SourceDate "2004.05.04"]

1. e4 c5 2. Nf3 b6 3. Nc3 Bb7 4. d4 cxd4 5. Nxd4 a6 6. Bd3 d6 7. f4 g6 8. Qe2 Bg7 9. Nf3 Nd7 10. O-O Nc5 11. Be3 Nxd3 12. cxd3 Nf6 13. Bd4 O-O 14. Bxf6 Bxf6 15. d4 b5 16. e5 Bg7 17. Ne4 Qb6 18. Kh1 Rac8 19. f5 gxf5 20. Ng3 e6 21. Nh5 dxe5 22. Qf2 f6 23. Qg3 Qc7 24. dxe5 Kh8 25. Nd4 Bd5 26. Nf4 Qxe5 27. Qh4 Kg8 28. Nfxe6 Bxe6 29. Rae1 Bc4 30. Rxe5 fxe5 31. Nxf5 Kh8 32. Rf2 Bd3 33. g4 e4 34. Nxg7 Rxf2 35. Qxf2 Rc1+ 36. Kg2 Rc2 37. Ne6 Rxf2+ 38. Kxf2 Bc4 39. Nc5 Bxa2 40. Nxa6 Be6 41. g5 Kg7 42. Ke3 Kg6 43. Nc5 Bf5 44. Nxe4 Bxe4 45. Kxe4 Kxg5 46. Kd5 Kg4 47. Kc5 Kh3 48. Kxb5 h5 49. Kc4 Kxh2 50. b4 h4 51. b5 h3 52. b6 Kg2 53. b7 h2 54. b8=Q 1/2-1/2

[Event "FRA-chT"]
[Site "France"]
[Date "2002.05.03"]
[Round "10.1"]
[White "Landa, Konstantin"]
[Black "Bricard, Emmanuel"]
[Result "1-0"]
[WhiteElo "2619"]
[BlackElo "2443"]
[PlyCount "111"]
[EventDate "2002.02.01"]
[Source "ChessBase"]
[SourceDate "2002.07.08"]

1. e4 c5 2. Nf3 b6 3. d4 cxd4 4. Nxd4 Bb7 5. Nc3 a6 6. Be3 e6 7. Qd2 Qc7 8. f3 Nf6 9. g4 h6 10. O-O-O Bb4 11. Nde2 Nc6 12. Bf4 e5 13. Be3 Ne7 14. a3 Bc5 15. Bxc5 bxc5 16. Ng3 d5 17. exd5 Nexd5 18. Nxd5 Nxd5 19. Bc4 Nb6 20. Be2 O-O 21. Qa5 c4 22. Rd2 c3 23. Qxc3 Qxc3 24. bxc3 Rfc8 25. Rd3 Nd5 26. Kd2 Nf4 27. Re3 f6 28. Rb1 Rc7 29. c4 Rd8+ 30. Kc1 Ne6 31. Bd3 Nd4 32. Rb6 a5 33. c3 Nc6 34. Be4 Ba8 35. Rd3 Rdc8 36. Nf5 Ne7 37. Nxe7+ Rxe7 38. Bd5+ Kf8 39. Ra6 e4 40. fxe4 Bxd5 41. exd5 Rxc4 42. d6 Rd7 43. Rxa5 Rxg4 44. Rc5 Ke8 45. Rc8+ Rd8 46. d7+ Ke7 47. Rc7 f5 48. c4 f4 49. c5 Rg6 50. Kd2 Rf6 51. Ke2 g5 52. Kf2 g4 53. Rd4 h5 54. Re4+ Re6 55. Rxe6+ Kxe6 56. c6 1-0

[Event "Czech Extra League"]
[Site "?"]
[Date "2001.??.??"]
[Round "?"]
[White "Zezulkin, J."]
[Black "Cicak, S."]
[Result "0-1"]
[WhiteElo "2530"]
[BlackElo "2515"]
[PlyCount "110"]
[EventDate "2001.??.??"]
[Source "www.chesslib.no"]
[SourceDate "2004.05.04"]

1. e4 c5 2. Nf3 b6 3. Nc3 Bb7 4. d4 cxd4 5. Nxd4 a6 6. Be3 e6 7. Bd3 Qc7 8. O-O Nf6 9. Qf3 Bd6 10. Qh3 h5 11. f3 Bf4 12. Bxf4 Qxf4 13. Qg3 Qxg3 14. hxg3 d6 15. Na4 Nbd7 16. c4 Ke7 17. Rfd1 g5 18. Kf2 Rac8 19. Be2 Rcg8 20. b4 g4 21. Rdb1 Ba8 22. b5 axb5 23. Rxb5 Nc5 24. Nxb6 gxf3 25. gxf3 Bxe4 26. Nb3 Bc2 27. Rh1 Nd3+ 28. Ke3 Ne5 29. Nd4 Bh7 30. Kf2 Bd3 31. a4 Bxe2 32. Nxe2 Nc6 33. a5 Rb8 34. Nf4 Nxa5 35. Rxa5 Rxb6 36. Ra7+ Nd7 37. Re1 Rb2+ 38. Kg1 h4 39. g4 Rc8 40. Nd5+ Kd8 41. Ne3 Ne5 42. Rf1 Rb3 43. f4 Nc6 44. Rxf7 Rxe3 45. f5 Rg3+ 46. Kh1 exf5 47. gxf5 Ne5 48. Rh7 Rc7 49. Rh6 Rxc4 50. Rxd6+ Kc7 51. Rd2 Rcc3 52. f6 Nf3 53. Rh2 Nxh2 54. f7 Nf3 55. Ra1 Rc2 0-1

[Event "Evry"]
[Site "?"]
[Date "2005.02.22"]
[Round "4"]
[White "Belkhodja Slim"]
[Black "Shchekachev Andrei"]
[Result "1-0"]
[WhiteElo "2478"]
[BlackElo "2559"]
[PlyCount "111"]
[EventDate "2005.??.??"]
[Source "www.chesslib.no"]
[SourceDate "2004.05.04"]

1. e4 c5 2. Nf3 b6 3. d4 cxd4 4. Nxd4 Bb7 5. Nc3 a6 6. g3 e6 7. Bg2 d6 8. O-O Qc7 9. f4 Nc6 10. Be3 Nf6 11. f5 e5 12. Nxc6 Bxc6 13. Bg5 Be7 14. Bxf6 Bxf6 15. Nd5 Bxd5 16. Qxd5 O-O 17. c3 b5 18. Rfd1 Rfd8 19. Bf1 Rac8 20. Qd3 Qb6+ 21. Kh1 Bg5 22. a3 d5 23. exd5 Qf2 24. Qe2 Qxf5 25. Bg2 Qf6 26. a4 Rb8 27. axb5 axb5 28. Ra7 Qd6 29. Rda1 Bf6 30. Qf2 b4 31. R1a6 Qf8 32. Be4 Be7 33. Rc6 bxc3 34. bxc3 Ra8 35. Rxa8 Rxa8 36. Kg2 Ra5 37. h4 g6 38. Qb6 Rc5 39. Qc7 Rxc6 40. dxc6 Bd6 41. Qd7 Qb8 42. Bd5 Qc7 43. Bxf7+ Kg7 44. Bd5+ Qxd7 45. cxd7 Bc7 46. Kf3 Kf6 47. g4 h6 48. Ke4 g5 49. h5 Bd8 50. c4 Bc7 51. c5 Bd8 52. c6 Bc7 53. Bc4 Bd8 54. Kd5 Bc7 55. Bd3 Ke7 56. Be4 1-0

[Event "71. ch-BRA"]
[Site "?"]
[Date "2005.02.17"]
[Round "6"]
[White "Leitao Rafael"]
[Black "Limp Eduardo"]
[Result "1-0"]
[WhiteElo "2580"]
[BlackElo "2445"]
[PlyCount "43"]
[EventDate "2005.??.??"]
[Source "www.chesslib.no"]
[SourceDate "2004.05.04"]

1. e4 c5 2. Nf3 b6 3. d4 cxd4 4. Nxd4 Bb7 5. Nc3 Nf6 6. Bg5 e6 7. e5 h6 8. Bh4 g5 9. Bg3 Ne4 10. Nxe4 Bxe4 11. h4 Nc6 12. hxg5 Qxg5 13. Rh4 Qg6 14. c3 Nxd4 15. Qxd4 Bc6 16. Bd3 Qg5 17. Be4 Bc5 18. Qd3 a5 19. Rd1 Ra7 20. Bxc6 dxc6 21. Rg4 Qe7 22. Bh4 1-0

[Event "Tch (Men) 2005/2006 FRA"]
[Site "?"]
[Date "2006.02.03"]
[Round "1"]
[White "Rahal Michael"]
[Black "Bauer Christian"]
[Result "1/2-1/2"]
[WhiteElo "2397"]
[BlackElo "2627"]
[PlyCount "194"]
[EventDate "2006.??.??"]
[Source "www.chesslib.no"]
[SourceDate "2004.05.04"]

1. e4 c5 2. Nf3 b6 3. d4 cxd4 4. Nxd4 Bb7 5. Nc3 a6 6. Bg5 Qc7 7. Nd5 Bxd5 8. exd5 Qe5+ 9. Be3 Qxd5 10. Be2 e5 11. Nb3 Qb7 12. O-O Nf6 13. f4 e4 14. c4 Be7 15. g4 O-O 16. g5 Ne8 17. f5 Nc6 18. Qd5 Nd8 19. Qd2 Rc8 20. Rad1 Bd6 21. c5 bxc5 22. Bc4 Qc7 23. Qg2 g6 24. Nd2 Ng7 25. Nxe4 Be5 26. Nf6+ Bxf6 27. gxf6 Qe5 28. fxg6 Qxe3+ 29. Kh1 Qh6 30. gxf7+ Kh8 31. fxg7+ Qxg7 32. Qxg7+ Kxg7 33. Rxd7 Rc6 34. Rg1+ Rg6 35. Rxg6+ Kxg6 36. Bxa6 Nxf7 37. Bd3+ Kf6 38. Bxh7 Ra8 39. a3 Rb8 40. Rd2 Ne5 41. Be4 Nc4 42. Rc2 Nxb2 43. Rxc5 Rb3 44. Rf5+ Ke7 45. Rf3 Rb5 46. Kg2 Ra5 47. Bc2 Nc4 48. a4 Nb6 49. h4 Rc5 50. Bb3 Nxa4 51. Bxa4 Rc4 52. Bb3 Rxh4 53. Kg3 Re4 54. Bc2 Rc4 55. Bd3 Rd4 56. Kf2 Ra4 57. Ke3 Ke6 58. Rh3 Rb4 59. Rh6+ Ke5 60. Rh5+ Kd6 61. Be4 Rb2 62. Rd5+ Ke6 63. Ra5 Kd6 64. Bd3 Rb4 65. Be4 Rb2 66. Kf4 Rf2+ 67. Bf3 Rb2 68. Rd5+ Ke6 69. Rd4 Rb6 70. Bg4+ Kf6 71. Bf5 Ra6 72. Rb4 Rc6 73. Be4 Rd6 74. Rb7 Ra6 75. Rh7 Ra3 76. Rh6+ Ke7 77. Bf5 Ra4+ 78. Kg5 Rc4 79. Re6+ Kd8 80. Kf6 Kc7 81. Be4 Kd7 82. Bd5 Rc1 83. Ra6 Re1 84. Kf5 Rf1+ 85. Ke5 Re1+ 86. Be4 Kc7 87. Rc6+ Kd7 88. Rc2 Re3 89. Rh2 Kc7 90. Rh7+ Kb6 91. Kd4 Rg3 92. Rb7+ Ka6 93. Rb2 Rg4 94. Kd5 Ka5 95. Rb8 Ka4 96. Bd3 Rb4 97. Ra8+ Kb3 1/2-1/2

[Event "CXSP Open"]
[Site "Sao Paulo"]
[Date "2004.05.14"]
[Round "9"]
[White "Milos, Gilberto"]
[Black "Limp, Eduardo"]
[Result "1-0"]
[WhiteElo "2599"]
[BlackElo "2407"]
[PlyCount "53"]
[EventDate "2004.05.07"]
[Source "Roberto Alvarez"]
[SourceDate "2004.05.10"]

1. e4 c5 2. Nf3 b6 3. d4 cxd4 4. Nxd4 Bb7 5. Nc3 Nf6 6. Bg5 Nxe4 7. Nxe4 Bxe4 8. Qe2 d5 9. Rd1 h6 10. Bh4 a6 11. f3 Bh7 12. Kf2 Qd7 13. c4 e6 14. cxd5 Bc5 15. b4 Bxd4+ 16. Rxd4 Nc6 17. Rd1 Nxb4 18. dxe6 Qxe6 19. Qd2 O-O 20. Qxb4 Qxa2+ 21. Rd2 Qa1 22. Rg1 a5 23. Qxb6 Rfb8 24. Qd6 Rb2 25. Bc4 Rxd2+ 26. Qxd2 Qe5 27. Bd5 1-0

[Event "ESP-Tch  1a Div"]
[Site "Ciudad Real"]
[Date "2004.08.23"]
[Round "1.2"]
[White "Pablo Marin, Alejandro"]
[Black "Bauer, Christian"]
[Result "0-1"]
[WhiteElo "2408"]
[BlackElo "2595"]
[PlyCount "50"]
[EventDate "2004.08.23"]
[Source "Roberto Alvarez"]
[SourceDate "2004.09.06"]

1. e4 c5 2. Nf3 b6 3. d4 cxd4 4. Nxd4 Bb7 5. Nc3 a6 6. g3 e6 7. Bg2 d6 8. O-O Nd7 9. Re1 Be7 10. b3 Qc7 11. Bb2 Ngf6 12. Re3 O-O 13. g4 g6 14. h3 Rfe8 15. Kh1 Rad8 16. f4 b5 17. a3 Nb6 18. Qf1 e5 19. Nde2 Qc5 20. Rd3 d5 21. fxe5 Nxe4 22. Nd4 Bh4 23. Nxe4 dxe4 24. e6 fxe6 25. Rc3 Qd6 0-1

[Event "It"]
[Site "Legnica"]
[Date "2004.12.05"]
[Round "4"]
[White "Lanka, Zigurds"]
[Black "Cicak, Slavko"]
[Result "1/2-1/2"]
[WhiteElo "2455"]
[BlackElo "2545"]
[PlyCount "49"]
[EventDate "2004.12.03"]
[Source "Roberto Alvarez"]
[SourceDate "2004.12.13"]

1. e4 c5 2. Nf3 b6 3. d4 cxd4 4. Nxd4 Bb7 5. Nc3 a6 6. Bd3 e6 7. O-O Qc7 8. Qe2 Bd6 9. Nf3 Nc6 10. Kh1 Nge7 11. Bd2 Ng6 12. Rae1 O-O 13. a3 b5 14. Ng5 h6 15. Nh3 Nd4 16. Qh5 Nf4 17. Nxf4 Bxf4 18. Be3 Nc6 19. Qh4 Bxe3 20. Rxe3 Qd8 21. Qh3 Ne5 22. f4 Nxd3 23. Rxd3 f5 24. Rfd1 Bc6 25. e5 1/2-1/2

[Event "otb"]
[Site "otb"]
[Date "2007.02.27"]
[Round "2"]
[White "Houska Jovanka"]
[Black "Hamdouchi Hichem"]
[Result "0-1"]
[WhiteElo "2384"]
[BlackElo "2602"]
[PlyCount "78"]
[Source "www.chesslib.no"]
[SourceDate "2004.05.04"]

1. e4 c5 2. Nf3 b6 3. d4 cxd4 4. Nxd4 Bb7 5. Nc3 a6 6. Be3 e6 7. Qd2 Qc7 8. f3 Nf6 9. O-O-O Bb4 10. Nde2 Nc6 11. a3 Be7 12. g4 Ne5 13. Nd4 Rc8 14. Be2 O-O 15. g5 Ne8 16. Bf4 f6 17. Kb1 fxg5 18. Bxg5 Bxa3 19. bxa3 Qxc3 20. Qxc3 Rxc3 21. Rhf1 Nf6 22. Kb2 Rc5 23. Bd2 Nc4+ 24. Bxc4 Rxc4 25. Be3 Rfc8 26. Rf2 Kf7 27. Nb3 R4c6 28. Bg5 d5 29. e5 Nd7 30. f4 h6 31. Bh4 Rc4 32. Nd4 g6 33. Rg2 Nc5 34. f5 exf5 35. Bf6 Rg8 36. c3 Na4+ 37. Kb3 Nxc3 38. Rd3 Ne4 39. Bh4 Nc5+ 0-1

[Event "XXIV ECC"]
[Site "Kallithea GRE"]
[Date "2008.10.23"]
[Round "7"]
[White "Middelburg, T."]
[Black "Bauer, Ch"]
[Result "0-1"]
[WhiteElo "2388"]
[BlackElo "2592"]
[PlyCount "105"]
[EventDate "2008.10.17"]
[Source "www.chesslib.no"]
[SourceDate "2004.05.04"]

1. e4 c5 2. Nf3 b6 3. d4 cxd4 4. Nxd4 Bb7 5. Nc3 a6 6. Be3 e6 7. Qd2 Qc7 8. f3 Nf6 9. O-O-O Bb4 10. Nde2 d5 11. e5 Nfd7 12. f4 Nc6 13. Qe1 Rc8 14. Kb1 Na5 15. Bd4 O-O 16. h4 Nc6 17. Be3 f6 18. exf6 Nxf6 19. a3 Bc5 20. Rh3 Ng4 21. Bxc5 bxc5 22. Na4 Qa5 23. Qxa5 Nxa5 24. Re1 Nc4 25. Rg3 Nge3 26. Rc1 d4 27. Rg5 Bd5 28. Ng3 h6 29. Rg6 Nxf1 30. Rxf1 Kh7 31. h5 Ne3 32. Rf2 Rc6 33. f5 c4 34. Ne2 e5 35. Nb6 Rc7 36. Nxd5 Nxd5 37. Re6 Ne3 38. Rf3 Rc5 39. Ng3 c3 40. b4 Rd5 41. Ne4 Nxg2 42. f6 Nf4 43. Re7 d3 44. Nxc3 Rd4 45. Rxg7+ Kh8 46. Rg6 d2 47. Nd1 Nxg6 48. hxg6 Kg8 49. Rf5 h5 50. f7+ Kg7 51. Rxh5 Kxg6 52. Rh2 Rxf7 53. Rg2+ 0-1

[Event "BL2-Ost 9900"]
[Site "Germany"]
[Date "2000.03.26"]
[Round "8.1"]
[White "Womacka, Mathias"]
[Black "Cicak, Slavko"]
[Result "1/2-1/2"]
[WhiteElo "2480"]
[BlackElo "2500"]
[PlyCount "37"]
[EventDate "1999.10.??"]
[Source "ChessBase"]
[SourceDate "2000.05.11"]

1. e4 c5 2. Nf3 b6 3. d4 cxd4 4. Nxd4 Bb7 5. Nc3 a6 6. Bc4 e6 7. O-O Qc7 8. Qe2 Bd6 9. Kh1 Be5 10. Be3 Nc6 11. Nxc6 Qxc6 12. Nd5 b5 13. Bb3 Nf6 14. Rad1 Nxe4 15. Bc1 exd5 16. Bxd5 Qxd5 17. Rxd5 Bxd5 18. Rd1 Bc6 19. f3 1/2-1/2

[Event "14 Open A"]
[Site "Wien"]
[Date "2003.08.20"]
[Round "5"]
[White "Karjakin, Sergey"]
[Black "Balinov, Ilija"]
[Result "1-0"]
[WhiteElo "2560"]
[BlackElo "2417"]
[PlyCount "75"]
[EventDate "2003.08.16"]
[Source "Roberto Alvarez"]
[SourceDate "2003.09.01"]

1. e4 c5 2. Nf3 b6 3. d4 cxd4 4. Nxd4 Bb7 5. Nc3 a6 6. Be3 e6 7. Qd2 Bb4 8. f3 Qc7 9. a3 Be7 10. O-O-O b5 11. Bf4 Qc8 12. Nb3 Nc6 13. Bd6 Bd8 14. Nc5 Nce7 15. g4 Bc6 16. Ne2 Ng6 17. Ng3 f6 18. h4 Ne5 19. g5 Nf7 20. Bf4 h6 21. gxf6 Nxf6 22. Ne2 O-O 23. Rg1 Kh7 24. Nd3 a5 25. Nd4 Bb6 26. Be3 Rg8 27. Bh3 Rb8 28. Rg2 b4 29. axb4 axb4 30. Qf2 Ra8 31. Qg3 g6 32. Qf4 Ra1+ 33. Kd2 Rxd1+ 34. Kxd1 Bd8 35. e5 Qa8 36. Nxc6 Qxc6 37. exf6 d6 38. Bxe6 1-0

[Event "25th Open"]
[Site "Oberwart"]
[Date "2003.??.??"]
[Round "6"]
[White "Brkic, Ante"]
[Black "Stanec, Nikolaus"]
[Result "1/2-1/2"]
[WhiteElo "2415"]
[BlackElo "2560"]
[PlyCount "43"]
[EventDate "2003.07.05"]
[Source "Roberto Alvarez"]
[SourceDate "2003.07.14"]

1. e4 c5 2. Nf3 b6 3. Nc3 Bb7 4. d4 cxd4 5. Nxd4 a6 6. Be3 e6 7. f3 Bb4 8. Nb3 Nc6 9. Qd2 Nge7 10. O-O-O d5 11. a3 Bxc3 12. Qxc3 O-O 13. Qe1 Na5 14. Nxa5 bxa5 15. Bc5 Rc8 16. Qf2 Qc7 17. Bxe7 Qxe7 18. exd5 Bxd5 19. Bd3 Rb8 20. c3 Rfe8 21. Qd4 Red8 22. Qe3 1/2-1/2

[Event "Cutro"]
[Site "Cutro"]
[Date "1997.??.??"]
[Round "?"]
[White "Aleksic, Nenad"]
[Black "Efimov, Igor"]
[Result "1/2-1/2"]
[WhiteElo "2440"]
[BlackElo "2530"]
[PlyCount "77"]
[EventDate "1997.??.??"]
[Source "www.chesslib.no"]
[SourceDate "2004.05.04"]

1. e4 c5 2. Nf3 b6 3. d4 cxd4 4. Nxd4 a6 5. Nc3 Bb7 6. Be3 e6 7. Qd2 Nf6 8. f3 d5 9. e5 Nfd7 10. f4 Nc6 11. Bd3 Bc5 12. Nce2 Qc7 13. c3 Be7 14. O-O Nc5 15. Nxc6 Bxc6 16. Nd4 g6 17. Rae1 Bd7 18. Bc2 b5 19. a3 a5 20. Rc1 O-O 21. b4 Na4 22. Bd3 Rfb8 23. Nb3 Nb6 24. Nxa5 Nc4 25. Nxc4 dxc4 26. Be4 Rxa3 27. Ra1 Ra4 28. Bc2 Raa8 29. Bd4 Bc6 30. Qe2 Qb7 31. h3 Rd8 32. Qf2 Be4 33. Bxe4 Qxe4 34. Rae1 Qc6 35. Re2 Rd7 36. Kh2 Rad8 37. Bb6 Ra8 38. Bd4 Rad8 39. Bb6 1/2-1/2

[Event "SUI-chT Mendrisio-Luzern"]
[Site "Svizzera"]
[Date "2007.06.03"]
[Round "4.2"]
[White "Godena, Michele"]
[Black "Atlas, Valery"]
[Result "1-0"]
[WhiteElo "2516"]
[BlackElo "2453"]
[PlyCount "65"]
[EventDate "2007.02.25"]
[Source "www.chesslib.no"]
[SourceDate "2004.05.04"]

1. e4 c5 2. Nf3 b6 3. Bc4 Bb7 4. O-O e6 5. Re1 Nf6 6. e5 Nd5 7. d4 Be7 8. Bxd5 Bxd5 9. Nc3 Bb7 10. d5 exd5 11. Nxd5 O-O 12. Qd3 Nc6 13. Bf4 Nb4 14. Nxb4 cxb4 15. Rad1 Re8 16. Qf5 g6 17. Qh3 Bxf3 18. gxf3 Qc8 19. Rxd7 Qc4 20. Re4 Qxa2 21. e6 f5 22. Re1 a5 23. Qh6 Qxb2 24. Be5 Qxe5 25. Rxe5 a4 26. Rxe7 Rxe7 27. Qh4 Raa7 28. Qf6 h5 29. Rd5 Kh7 30. Rd8 Rg7 31. Qf8 Kh6 32. Rd7 Kh7 33. Qxg7# 1-0

[Event "Buenos Aires"]
[Site "Buenos Aires ARG"]
[Date "1988.??.??"]
[Round "?"]
[White "Tempone, Marcelo J"]
[Black "Panno, Oscar R"]
[Result "1-0"]
[WhiteElo "2450"]
[BlackElo "2515"]
[PlyCount "71"]
[EventDate "1988.04.??"]
[Source "www.chesslib.no"]
[SourceDate "2004.05.04"]

1. e4 c5 2. Nf3 b6 3. d4 cxd4 4. Nxd4 Bb7 5. Nc3 a6 6. f4 e6 7. Bd3 Bc5 8. Nb3 Bb4 9. Bd2 Nf6 10. Qe2 O-O 11. O-O-O Qc7 12. e5 Nd5 13. Nxd5 Bxd2+ 14. Rxd2 Bxd5 15. Qh5 h6 16. Re1 Nc6 17. Kb1 Ne7 18. g4 Bc4 19. g5 Bxd3 20. Rxd3 Rac8 21. Rc3 Qd8 22. Rxc8 Qxc8 23. gxh6 g6 24. Qg5 Nf5 25. Rd1 Kh7 26. Nd4 Nxh6 27. Rd3 Qb7 28. b3 Qh1+ 29. Kb2 Qxh2 30. Nf3 Qh5 31. Qe7 Kg8 32. Ng5 Qe2 33. Qxd7 Nf5 34. Nxf7 Rxf7 35. Qe8+ Kg7 36. Rd8 1-0